000 01174cam a2200301 a 4500
003 EG-GiCUC
008 170412s2002 ua a g 000 0 ara d
017 _a17666 / 2002
_bمصر . دار الكتب
040 _aEG-GiCUC
_bara
_cEG-GiCUC
092 0 4 _a398.2
_bM9922 2001
_221
099 _a04
_a398.2 M9922 2001
111 2 _aمؤتمر المأثورات الشعبية فى 100 عام
_d(2001 :
_cالقاهرة)
245 1 2 _aالماثورات الشعبية فى100 عام /
_cاشراف جابر عصفور
250 _aط1
260 _aالقاهرة :
_bالمجلس الاعلى للثقافة :
_c2002
300 _a2 مج :
_bايض ؛
_c24سم
490 1 _aسلسلة ابحاث المؤتمرات ؛
_v10
650 7 _aالادب الشعبى
_2qrmak
650 7 _aالامثال العامية
_2qrmak
650 7 _aالفولكلور
_2qrmak
700 1 _aعصفور : جابر
830 0 _aسلسلة ابحاث المؤتمرات ؛
_v10
902 _a1
905 _aايمان
_eمراجع
905 _aرنا
_eمدخل
942 _2ddc
_cBK
999 _c146869
_d146869